Journal of marketing management journal of the Academy of Marketing

Uložené v:
Podrobná bibliografia
Médium: Seriál
Jazyk:English
Vydavateľské údaje: Helensburgh Westburn Publ. 2002
Predmet:
Tagy: Pridať tag
Žiadne tagy, Buďte prvý, kto otaguje tento záznam!

MARC

LEADER 00000nas2a22000001 4500
001 0039291
005 20060301153344.2
022 |a 0267-257X 
041 0 |a eng 
044 |a GB 
245 1 0 |a Journal of marketing management  |b journal of the Academy of Marketing 
264 1 |a Helensburgh  |b Westburn Publ.  |c 2002 
773 0 |w eu_un_cat*s120141 
610 2 0 |a marketing 
610 2 0 |a manažment